000 00540nam a2200181Ia 4500
003 GCL
008 140319s9999 xx 000 0 ara d
040 _aGCL /
_cGCL
082 0 4 _a150
_bف ع
100 1 _aفرج عبدالقادر طه
245 1 0 _aعلم النفس الصناعى والتنظيمى /
_cفرج عبدالقادر طه
300 _a362 ص
490 _a
650 0 4 _aعلم النفس التطبيقى
650 0 4 _aعلم النفس الصناعى
650 0 4 _aعلم النفس المهنى
942 _2ddc
_cBK
999 _c38910
_d38910